The left-wing in India, 1919-47, (Record no. 73435)

MARC details
000 -LEADER
fixed length control field 00750cam a22002651 4500
001 - CONTROL NUMBER
control field sa 67002799
003 - CONTROL NUMBER IDENTIFIER
control field DLC
005 - DATE AND TIME OF LATEST TRANSACTION
control field 20260227112333.0
008 - FIXED-LENGTH DATA ELEMENTS--GENERAL INFORMATION
fixed length control field 810424s1965 ii b 000 0 eng
010 ## - LIBRARY OF CONGRESS CONTROL NUMBER
LC control number sa 67002799
025 ## - OVERSEAS ACQUISITION NUMBER
Overseas acquisition number PL480:I-E-7298
035 ## - SYSTEM CONTROL NUMBER
System control number (OCoLC)7364146
040 ## - CATALOGING SOURCE
Original cataloging agency DLC
Transcribing agency MiRochOU
Modifying agency DLC
042 ## - AUTHENTICATION CODE
Authentication code premarc
043 ## - GEOGRAPHIC AREA CODE
Geographic area code e-ii---
050 00 - LIBRARY OF CONGRESS CALL NUMBER
Classification number DS480.45
Item number .S56
100 1# - MAIN ENTRY--PERSONAL NAME
Personal name Sinha, Lalan Prasad,
Dates associated with a name 1925-
245 14 - TITLE STATEMENT
Title The left-wing in India, 1919-47,
Statement of responsibility, etc. L. P. Sinha.
260 ## - PUBLICATION, DISTRIBUTION, ETC.
Place of publication, distribution, etc. Muzaffarpur,
Name of publisher, distributor, etc. New Publishers
Date of publication, distribution, etc. [1965]
300 ## - PHYSICAL DESCRIPTION
Extent xiv, 623 p.
Dimensions 22 cm.
504 ## - BIBLIOGRAPHY, ETC. NOTE
Bibliography, etc. note Bibliography: p. [594]-617.
651 #0 - SUBJECT ADDED ENTRY--GEOGRAPHIC NAME
Geographic name India
General subdivision Politics and government
Chronological subdivision 1765-1947.
650 #0 - SUBJECT ADDED ENTRY--TOPICAL TERM
Topical term or geographic name entry element Socialism
Geographic subdivision India.
650 #0 - SUBJECT ADDED ENTRY--TOPICAL TERM
Topical term or geographic name entry element Communism
Geographic subdivision India.

No items available.

Powered by Koha